Cooperative Connected and Automated Mobility (CCAM): Technologies and Applications (Record no. 14622)

MARC details
000 -LEADER
fixed length control field 01075nam a2200121Ia 4500
008 - FIXED-LENGTH DATA ELEMENTS--GENERAL INFORMATION
fixed length control field 220615s9999||||xx |||||||||||||| ||und||
100 ## - MAIN ENTRY--PERSONAL NAME
Personal name Ferreira, Joaquim
245 #0 - TITLE STATEMENT
Title Cooperative Connected and Automated Mobility (CCAM): Technologies and Applications
546 ## - LANGUAGE NOTE
Language note English[eng]
650 ## - SUBJECT ADDED ENTRY--TOPICAL TERM
Topical term or geographic name entry element multi-task scheduling (MTS)||n/a||software-defined networking||reliability||Pareto optimal solution||vehicular platoon||open-road pilot sites||communication delay||overlay TDMA||path diversity||cooperative control||IEEE 802.11p MAC||system decoupling||vehicle to everything (V2X) testbeds||C-ITS services||empirical models||European framework||vehicular networks (VNET)||wireless vehicular communications||smart roads||fault tolerance||quality of service (QoS)||dependability||multi-agent system||congestion control||VANET||resiliency||upper bound||cooperative driving||systematic review||train-to-ground||5G||multi-objective optimization (MOO)||adaptable||Mobile edge computing (MEC)||multipath TCP||VANETs||V2V
856 ## - ELECTRONIC LOCATION AND ACCESS
Uniform Resource Identifier <a href="https://mdpi.com/books/pdfview/book/2008">https://mdpi.com/books/pdfview/book/2008</a>
942 ## - ADDED ENTRY ELEMENTS (KOHA)
Koha item type E-Books
Holdings
Withdrawn status Lost status Damaged status Not for loan Home library Current library Date acquired Total Checkouts Date last seen Price effective from Koha item type
        Kerala University of Digital Sciences, Innovation and Technology Knowledge Centre Kerala University of Digital Sciences, Innovation and Technology Knowledge Centre 15/06/2022   15/06/2022 15/06/2022 E-Books